000 00404nam a22001697a 4500
005 20160528141504.0
008 160528b xxu||||| |||| 00| 0 eng d
020 _a81-7014-658-5
041 _aeng
082 _b5842
100 _aSharan, D.D.D.
_91461
245 _aMarketing Research
260 _aNew Delhi
_bSultan Chand & Sons,
_c2004
300 _a532
650 _aManagement
_9241
942 _cBK
999 _c2073
_d2072